00448cam a2200169ua 45000010005000000080039000050400009000440410008000530820013000611000031000742450058001052500009001632600036001723000017002086530024002256530029002493718190403n ii |||gr||||Z||||||asm cMAIN aasm a891.4514 aBhattacharya, Parag Kumar, aBiswa sahityar jilinganicby Parag Kumar Bhattacharya a2nd. aNalbari:bJournal Emporium,987. a123p:c23cm. aAssamese literature aViswa sahityar jilingani